000 00501nam a2200193 a 4500
001 1770460530219
003 YourLibrary
005 20260207160835.0
008 260207s2007##################000#0#eng##
020 _a9780195310542
082 0 4 _a306.4
_bHEY
100 1 _aHeyes, Cressida J.,
_eauthor.
245 1 0 _aSelf-Transformations :
260 _bOxford University Press,
_c2007.
300 _a177 pages
650 0 _aEducation.
942 _cENGLISH
040 _aYourLibrary
_beng
_cYourLibrary
999 _c611220
_d611220